00746aas a2200193 4500001001000000003001000010005001700020008004100037022001400078040004100092041000800133100003400141242004000175245006300215300006100278520009100339546002200430773010000452768714001CO-MdFUSB20171107120533.0170727s1996 xxu||||| |||| 00| 0 eng d a0098-9444 aCO-MdFUSBbspacCO-MdFUSBdCO-MdFUSB aspa1 aSilberman, Neil Ashereautor  0aCiudades reales del mundo bíblico 0aRoyal cities of the biblical worldc/ Neil Asher Silberman aVolumen 22. Número 5 (1996), páginas 66-67c: 28 cm.1 aBreve recuento de algunas ciudades antiguas de la biblia ubicando su posición actual aTexto en inglés0 tBiblical Archaeology Review049395gVolumen 22. Número 5 (1996), páginas 66-67qPágina 66